Vplyv pracovného kapitálu na finančnú situáciu podniku

Charakteristika pracovného kapitálu. Manažment pracovného kapitálu. Riadenie zásob v podniku. Vplyv zásob na finančné ukazovatele. Riadenie pohľadávok. Riadenie pohotových peňažných prostriedkov. Cyklus obratu peňazí.

Salvato in:
Dettagli Bibliografici
Autore principale: Kostková, Albína, 1951-
Natura: Capitolo di libro
Lingua:slovacco
Soggetti:
Tags: Aggiungi Tag
Nessun Tag, puoi essere il primo ad aggiungerne!!

MARC

LEADER 00000nla$a2200000$$$4500
001 0105331
005 20240502072148.8
041 0 |a slo 
044 |a SK 
245 1 0 |a Vplyv pracovného kapitálu na finančnú situáciu podniku  |c Albína Kostková 
520 |a Charakteristika pracovného kapitálu. Manažment pracovného kapitálu. Riadenie zásob v podniku. Vplyv zásob na finančné ukazovatele. Riadenie pohľadávok. Riadenie pohotových peňažných prostriedkov. Cyklus obratu peňazí. 
610 2 0 |a financie 
610 2 0 |a zásoby 
610 2 0 |a pohľadávky 
610 2 0 |a záväzky 
610 2 0 |a aktíva 
610 2 0 |a likvidita podniku 
610 2 0 |a rentabilita 
610 2 0 |a kapitál 
100 1 |a Kostková, Albína, 1951-